| 000 | 00394nam a2200145 i 4500 | ||
|---|---|---|---|
| 001 | 43753 | ||
| 003 | ES-MaACL | ||
| 005 | 20230906160853.0 | ||
| 007 | t| | ||
| 008 | 030318s1958 sp ||||1| spa d | ||
| 245 | 0 | 0 | _acatálogo general de automóviles 1959. |
| 260 |
_aMadrid : _bRomero Requejo, _c[1958] |
||
| 300 |
_a335 p. : _b9 lám., il. ; _c25 cm. |
||
| 852 |
_aES-MaACL _jC-17619 _bR.45567 |
||
| 999 |
_c43753 _d43753 |
||